000 00601nam a2200205 4500
001 16441
010 _a9789898860873
021 _b511810/23
090 _a16441
100 _a20230327d2023 m y0pory50030103ba
200 1 _aTudo é rio
_fCarla Madeira
205 _a1ª ed
210 9 _a[S.l.]
_cParticular,
_d2023
215 _a194 p.
_d23 cm
606 _973
_aLiteratura Portuguesa
675 _a821.134.3(81)-31"20"
_vBN
_zpor
700 1 _aMadeira,
_bCarla,
_f1964-
801 0 _aPT
_bBN
_gRPC
856 4 1 _uhttp://rnod.bnportugal.gov.pt/ImagesBN/winlibimg.aspx?skey=&doc=2127593&img=177048&save=true
990 _cLIVROS